| 000 | 00766nam a22001695i 4500 | ||
|---|---|---|---|
| 001 | 161275 | ||
| 003 | ES-MaACL | ||
| 005 | 20251005063126.0 | ||
| 008 | 041018s1849 sp |||| | spa d | ||
| 040 |
_aCAM _bspa _cCAM |
||
| 100 | 1 |
_aPalacios y Toro, Francisco de, _dn. 1877 _9130785 |
|
| 245 | 1 | 3 |
_aLa casa deshabitada _b: comedia en un acto y en verso / _cpor Francisco de Palacios y Toro. |
| 260 |
_aMadrid : _bCirculo Literario Comercial, _c1849 ( _fImprenta de José Sanchez Valledor, á cargo de Federico Cañas) |
||
| 300 |
_a37 p. ; _c18 cm. |
||
| 852 |
_aES-MaACL _jF-8642(7) _z-- Enc. hol. _q-- Falto de la cub. original _z-- Enc. en un vol. facticio formando parte de la col. facticia "Teatro español moderno" v. 99 |
||
| 999 |
_c161275 _d161275 |
||